1768 1538 1910 1159 1123 1658 1160 1419 1764 1905 1705 1381 1858 1301 1109 1442 1820 1630 1802 1584 1574 1405 1166 1119 1797 1763 1134 1649 1232 1101 1067 1219 1523 1617 1640 1249 1442 1948 1480 1537 1090 1777 1445 1216 1375 1018 1862 1330 1087 1709 1147 1941 1613 1196 1955 1369 1034 1269 1571 1155 1803 1389 1412 1048 1666 1227 1716 1402 1055 1421 1333 1055 1936 1846 1810 1453 1175 1276 1562 1088 1082 1041 1483 1126 1042 1549 1338 1743 1930 1781 1590 1352 1076 1354 1954 1867 1757 1834 1352 BCNSPRNW ULIB Ver.6.0+V

เปลี่ยนเป็นภาษาไทย

Change to English
 แสดงรายละเอียดบรรณานุกรม
  กลับหน้าหลัก

Brief Record : Get Marc (ISO 2709) : E-mail record : QR code < ปิดหน้าต่าง
LEADER : 00000nam 2200000uu 4500
001    13399120387
003     ULIB
008    120919s2548||||th 000 0 tha d
020    ^a9789749280393
060 04 ^aWA110^bอ584ก 2548
100 0  ^aอะเคื้อ อุณหเลขกะ
245 10 ^aการเฝ้าระวังและการสอบสวนการระบาดของการติดเชื้อในโรงพยาบาล=^bSurveillance and outbreak invertigation of nosocomial infections /^cอะเคื้อ อุณหเลขกะ
246 31 ^aSurveillance and outbreak investigation of nosocomialinfections
250    ^aพิมพ์ครั้งที่ 1
260    ^aเชียงใหม่ :^bคณะพยาบาลศาสตร์ มหาวิทยาลัยเชียงใหม่,^c2548
300    ^a(11), 429 หน้า ;^c27 ซม.
650  7 ^aการติดเชื้อในโรงพยาบาล
650  7 ^aการติดเชื้อในโรงพยาบาล^xการป้องกันและควบคุม
710 2  ^aมหาวิทยาลัยเชียงใหม่. ^bคณะพยาบาลศาสตร์
945    ^p0^l0^i24008
945    ^p450^l0^i24625
995    ^aกัณชพร
999 ^a ใช้งานได้ทุกระบบ
รายการนี้ยังไม่มีแท็ก
คุณยังไม่ได้ล็อกอิน คุณสามารถมีกิจกรรมร่วมกับเว็บไซต์ได้ แต่ต้องล็อกอินก่อน ::
  ล็อกอิน

รายการสื่อสารสนเทศ

ลำดับที่ ประเภท เลขเรียก/บาร์โค้ด สถานที่ สถานะ
1. วิทยาศาสตร์การแพทย์ และสุขภาพ
วิทยาศาสตร์การแพทย์ และสุขภาพ
WA110 อ584ก 2548  
  Barcode: 24008
ห้องสมุดวิทยาเขตสวรรค์ประชารักษ์
►หนังสือทั่วไป
บนชั้น
2. วิทยาศาสตร์การแพทย์ และสุขภาพ
วิทยาศาสตร์การแพทย์ และสุขภาพ
WA110 อ584ก 2548 ฉ.2 
  Barcode: 24625
ห้องสมุดวิทยาเขตสวรรค์ประชารักษ์
►หนังสือทั่วไป
บนชั้น

รายการใกล้เคียง
    ผู้แต่ง [อะเคื้อ อุณหเลขกะ]

    หัวเรื่อง [การติดเชื้อในโรงพยาบาล]

BibComment


ยังไม่เคยถูกคอมเมนท์

คอมเมนท์ทรัพยากรรายการนี้
  คอมเมนท์: การเฝ้าระวังและก..


 Copyright 2026. Bcnsprnw @Library